| 000 | 00627nam a2200217 a 4500 | ||
|---|---|---|---|
| 001 | BRCA_5988 | ||
| 005 | 20190320205305.0 | ||
| 008 | 290311m19711972fr-a######---#000-0#fre-# | ||
| 041 | _afre | ||
| 044 | _afr | ||
| 050 | 4 |
_aNK1125 _b.G85 1971 |
|
| 245 | 1 | 0 |
_aGuide Européen de l´Antiquaire _bde l´amateur d´Art et du Bibliophile. |
| 250 | _a13 | ||
| 260 |
_aParís _bGuide Emer _c1971-1972 |
||
| 300 |
_a2 v. _bil. _c20 cm. |
||
| 500 | _aEstado físico: Lomo desprendido | ||
| 500 | _aDonación Dr. Héctor Rivero Borrell Vázquez | ||
| 650 | 1 | 4 |
_aAntigüedades _vGuías _zFrancia _915126 |
| 902 | _aDHR | ||
| 942 |
_2lcc _cB |
||
| 999 |
_c5677 _d5677 |
||